Systems Analysis and Design (Record no. 6776)

MARC details
000 -LEADER
fixed length control field 01488nam a2200217 a 4500
020 ## - INTERNATIONAL STANDARD BOOK NUMBER
ISBN 013127323X
022 ## - INTERNATIONAL STANDARD SERIAL NUMBER
ISSN 9780131273238
050 ## - CALL NUMBER
Classification number QA76.9 .S88
Item number .K45
100 ## - AUTHOR
Personal name Kendall, Kenneth E.
245 ## - TITLE
Title Systems Analysis and Design
Statement of responsibility, etc Kenneth E Kendall; Julie E Kendall
250 ## - EDITION
Edition statement "International ed."
260 ## - PUBLICATION INFORMATION
Place of publication Upper Saddle River, NJ :
Name of publisher Pearson/Prentice Hall,
Year of publication 2005.
300 ## - DESCRIPTION
Number of Pages xxvi, 726 pages :
Other physical details color illustrations ;
Dimensions 28 cm.
500 ## - NOTES
General note Includes index
505 ## - FORMATTED CONTENTS NOTE
Table of Content Assuming the role of the systems analyst --<br/>Understanding organizational style and its impact on information systems --<br/>Determining feasibility and managing analysis and design activities --<br/>Information gathering : interactive methods --<br/>Information gathering : unobtrusive methods --<br/>Prototyping, rad, and extreme programming --<br/>Using data flow diagrams --<br/>Analyzing systems using data dictionaries --<br/>Describing process specifications and structured decisions --<br/>Preparing the systems proposal --<br/>Designing effective output --<br/>Designing effective input --<br/>Designing databases --<br/>Designing user interfaces --<br/>Designing accurate data entry procedures --<br/>Quality assurance through software engineering --<br/>Successfully implementing the information system --<br/>Object-oriented systems analysis and design using UML
650 ## - SUBJECTS
Topical Term System design.
650 ## - SUBJECTS
Topical Term System analysis.
650 ## - SUBJECTS
Topical Term Systems programming (Computer science)
700 ## - OTHER AUTHORS
Personal name Kendall, Julie E.
942 ## - ADDED ENTRY ELEMENTS (KOHA)
Koha item type Books
Holdings
Withdrawn status Lost status Collection code Home library Current library Shelving location Date acquired Full call number Accession Number Koha item type
    Reference Methodist University Library Main Methodist University Library Main General Stacks   QA76.9 .S88 .K45 8156 Books
    Reference Methodist University Library Main Methodist University Library Main General Stacks   QA76.9 .S88 .K45 28376 Books
    Reference Methodist University Library Main Methodist University Library Main General Stacks   QA76.9 .S88 .K45 28377 Books
    Reference Methodist University Library Main Methodist University Library Main General Stacks   QA76.9 .S88 .K45 22658 Books
Copyright © 2026  MUG Library